| 000 | 00996cam a22002657a 4500 | ||
|---|---|---|---|
| 999 |
_c12616 _d12616 |
||
| 003 | OSt | ||
| 005 | 20240517162456.0 | ||
| 008 | 130118s2012 enkabe b 001 0 eng d | ||
| 020 | _a9781443841375 (pbk.) | ||
| 082 | 0 | 4 |
_a726.145 _223 _bBHA |
| 100 | 1 | _aBharne, Vinayak. | |
| 245 | 1 | 0 |
_aRediscovering the Hindu temple : _bthe sacred architecture and urbanism of India / _cby Vinayak Bharne and Krupali Krusche. |
| 260 |
_aNewcastle upon Tyne, UK : _bCambridge Scholars Pub., _c2012. |
||
| 300 |
_axix, 295 p. : _bill., maps, plans ; _c30 cm. |
||
| 500 | _a"Foreword by Leon Krier" --Cover. | ||
| 504 | _aIncludes bibliographical references (287-291) and index. | ||
| 650 | 0 |
_aHindu temples _zIndia. |
|
| 650 | 0 |
_aCity and town life _zIndia. |
|
| 650 | 0 |
_aCity and town life _xReligious aspects. |
|
| 700 | 1 | _aKrusche, Krupail. | |
| 700 | 1 | _aKrier, Leon. | |
| 906 |
_a7 _bcbc _ccopycat _d3 _encip _f20 _gy-gencatlg |
||
| 942 | _2ddc | ||